Länder Asiens nach Buchstaben T-Z - Statistiken

Allgemein
  • Dieses Quiz wurde 99 mal gespielt
  • Das Durchschnittsergebnis liegt bei 8 aus 9
Antwortstatistiken
- Land % Korrekt
T Turkmenistan
100%
U Usbekistan
97%
T Tadschikistan
96%
Z Zypern
95%
T Türkei
92%
V Vietnam
90%
T Thailand
89%
T Taiwan
81%
V Vereinigte Arabische Emirate
78%
Keine übereinstimmenden Quizze gefunden
Verteilung der Resultate
Anzahl Personen mit jedem Resultat
Perzentil nach korrekt beantworteten Fragen
Ihre Resultats-Entwicklung
Sie haben dieses Quiz noch nicht gespielt